000 01206nam a22003733a 4500
001 21716
003 VRT
005 20260309102425.0
008 091216s2009 xo a j 000 j slo d
020 _a9788089251551 (viaz.)
035 _aa000419924
039 9 _a201003231030
_bmuro
_c201003090944
_dpechova
040 _aUKB
_bslo
_cUKB
_eAACR2
041 1 _aslo
_hfre
044 _axo
_cSK
072 7 _a821-93
_xLiteratúra pre deti a mládež
_2konspekt
080 _a821-93
_22004
080 _a(0:82-343)
_22004
100 1 _aLa Fontaine, Jean de,
_d1621-1695
240 1 4 _aLes plus belles fables.
_lSlovensky
245 1 0 _aBájky
_cJean de La Fontaine ; ilustrácie Philippe Salembier ; [z francúzskeho originálu redakcia Alena Kolesárová]
260 _aBratislava
_bViktoria Print
_c2009
300 _a116 s.
_bil.
653 _a821-93
653 _a(0:82-343)
655 7 _abájky
_2UKBPH
655 7 _apublikácie pre deti
_2UKBPH
700 1 _aSalembier, Philippe,
_d1939-
_4ill
700 1 _aKolesárová, Alena
_4red
910 _aukb
942 _2ddc
_cKLDE
_n0
949 _61800443779
_aSL.B.34808
_bPV.14809-2009
949 _61800443780
_aSK.B.20614
_bPV.14810-2009
_s6707:20100329
999 _c21716
_d21716